[Event "Scarborough CC ch Reserves"]
[Site "Toronto CAN"]
[Date "2012.04.26"]
[Round "6"]
[White "Mourgelas, James"]
[Black "Xu, Jeffrey"]
[Result "0-1"]
[WhiteElo "1445"]
[BlackElo "1665"]
[PlyCount "112"]
[GameId "2160767909510168"]
[EventDate "2012.03.22"]
[EventType "swiss"]
[EventRounds "9"]
[EventCountry "CAN"]
[SourceTitle "EXT 2022"]
[Source "ChessBase"]
[SourceDate "2021.10.06"]
[SourceVersion "1"]
[SourceVersionDate "2021.10.06"]
[SourceQuality "1"]

1. e4 e6 2. d4 d5 3. e5 c5 4. Nf3 Nc6 5. Be2 a6 6. Be3 cxd4 7. Bxd4 Qc7 8. O-O Nxd4 9. Qxd4 Qxc2 10. Bd3 Qc7 11. Nbd2 Bd7 12. Rfc1 Qd8 13. Nb3 Ne7 14. a3 Nc6 15. Qf4 Qb6 16. Bc2 h6 17. Rab1 a5 18. Qg4 Rc8 19. Qh5 Qd8 20. h4 Be7 21. Re1 Na7 22. Rbc1 Ba4 23. Nbd4 Bxc2 24. Nxe6 g6 25. Nxd8 gxh5 26. Nxb7 Kd7 27. Nd4 Ba4 28. Nxa5 Rxc1 29. Rxc1 Rc8 30. Rxc8 Kxc8 31. b4 Bxh4 32. g3 Be7 33. Nf5 Bf8 34. f4 Kc7 35. Kf2 Nb5 36. Ke3 Nxa3 37. Kd4 Bxb4 38. Kxd5 Bxa5 39. Nxh6 Bc6+ 40. Kd4 Bb6+ 41. Kc3 Bd5 42. Nf5 Be6 43. Ng7 Bg4 44. Kb4 Nc2+ 45. Kc3 Ne3 46. Ne8+ Kd7 47. Nf6+ Ke6 48. Ne4 Bd8 49. Kd2 Nd5 50. Ke1 Be7 51. Kf2 Kf5 52. Nd2 Bc5+ 53. Kg2 Ne3+ 54. Kh1 Bd1 55. Kh2 Bb4 56. Nb1 Bc2 0-1

[Event "Scarborough CC ch Reserves"]
[Site "Toronto CAN"]
[Date "2012.04.26"]
[Round "6"]
[White "Patel, Saiyam"]
[Black "Dattani, Dinesh"]
[Result "0-1"]
[WhiteElo "1359"]
[BlackElo "871"]
[PlyCount "22"]
[GameId "2160767909510169"]
[EventDate "2012.03.22"]
[EventType "swiss"]
[EventRounds "9"]
[EventCountry "CAN"]
[SourceTitle "EXT 2022"]
[Source "ChessBase"]
[SourceDate "2021.10.06"]
[SourceVersion "1"]
[SourceVersionDate "2021.10.06"]
[SourceQuality "1"]

1. e4 e5 2. Nf3 d6 3. d4 exd4 4. Ng5 c6 5. Qf3 Nf6 6. Bc4 d5 7. exd5 cxd5 8. Bb5+ Nc6 9. c4 Bg4 10. Qb3 Qe7+ 11. Kd2 Qe2# 0-1

[Event "Scarborough CC ch Reserves"]
[Site "Toronto CAN"]
[Date "2012.04.26"]
[Round "6"]
[White "Pishdad, Hassan"]
[Black "Mesiti, Silvano"]
[Result "0-1"]
[WhiteElo "1394"]
[BlackElo "1550"]
[PlyCount "90"]
[GameId "2160767909510170"]
[EventDate "2012.03.22"]
[EventType "swiss"]
[EventRounds "9"]
[EventCountry "CAN"]
[SourceTitle "EXT 2022"]
[Source "ChessBase"]
[SourceDate "2021.10.06"]
[SourceVersion "1"]
[SourceVersionDate "2021.10.06"]
[SourceQuality "1"]

1. d4 d5 2. c4 dxc4 3. Nc3 Bd7 4. e4 b5 5. Be2 e6 6. Bf3 Bb4 7. e5 Bc6 8. Bxc6+ Nxc6 9. Nge2 Bxc3+ 10. bxc3 Nge7 11. Ba3 O-O 12. O-O Re8 13. Bc5 a6 14. a4 Nd5 15. axb5 axb5 16. Rb1 Qb8 17. Qd2 Na5 18. Nc1 c6 19. f4 Nb7 20. Bb4 Nxb4 21. Rxb4 Qc8 22. Qf2 Ra3 23. Qc2 g6 24. Ne2 Qd7 25. Rd1 Rea8 26. Rbb1 Na5 27. Nc1 Nb7 28. Ne2 Qd5 29. Ng3 Ra2 30. Rb2 Rxb2 31. Qxb2 Nc5 32. Ra1 Rxa1+ 33. Qxa1 Na4 34. Kf2 c5 35. Ne2 h5 36. g3 Qc6 37. Qa3 cxd4 38. Nxd4 Qb6 39. Kg2 Qb7+ 40. Kf2 Qb6 41. Kg2 Nc5 42. Qb4 Qb7+ 43. Kh3 Ne4 44. Qxb5 Nf2+ 45. Kh4 Qe7# 0-1

[Event "Scarborough CC ch Reserves"]
[Site "Toronto CAN"]
[Date "2012.04.26"]
[Round "6"]
[White "Rutherdale, William"]
[Black "Veecock, Carl"]
[Result "1-0"]
[WhiteElo "1658"]
[BlackElo "1341"]
[PlyCount "87"]
[GameId "2160767909510171"]
[EventDate "2012.03.22"]
[EventType "swiss"]
[EventRounds "9"]
[EventCountry "CAN"]
[SourceTitle "EXT 2022"]
[Source "ChessBase"]
[SourceDate "2021.10.06"]
[SourceVersion "1"]
[SourceVersionDate "2021.10.06"]
[SourceQuality "1"]

1. d4 Nf6 2. c4 e6 3. Nc3 Bb4 4. Qc2 Nc6 5. Nf3 d5 6. a3 Bxc3+ 7. Qxc3 dxc4 8. Qxc4 Qd5 9. e3 Qxc4 10. Bxc4 O-O 11. Bd2 Bd7 12. Ke2 a6 13. Rhc1 Rac8 14. b4 b5 15. Bd3 Rfe8 16. Rc5 Nd5 17. Rac1 Nde7 18. Be4 Red8 19. Bxc6 f6 20. Bxd7 Rxd7 21. e4 c6 22. Be3 Kf7 23. Nd2 Ra8 24. Nb3 g5 25. f3 h5 26. h4 Rg8 27. hxg5 h4 28. Rh1 Rh8 29. gxf6 Ng6 30. Rxc6 Kxf6 31. Nc5 Rdh7 32. Nxe6 Kf7 33. Ng5+ Kg8 34. Rxg6+ Rg7 35. Rxg7+ Kxg7 36. d5 Kg6 37. e5 Rc8 38. Kd3 Rh8 39. e6 Rc8 40. d6 Rc6 41. d7 Rd6+ 42. Ke4 Kf6 43. f4 Rxe6+ 44. Nxe6 1-0

[Event "Scarborough CC ch Reserves"]
[Site "Toronto CAN"]
[Date "2012.04.26"]
[Round "6"]
[White "Smith, Maurice"]
[Black "Morra, Lui"]
[Result "0-1"]
[WhiteElo "1468"]
[BlackElo "1719"]
[PlyCount "56"]
[GameId "2160767909510172"]
[EventDate "2012.03.22"]
[EventType "swiss"]
[EventRounds "9"]
[EventCountry "CAN"]
[SourceTitle "EXT 2022"]
[Source "ChessBase"]
[SourceDate "2021.10.06"]
[SourceVersion "1"]
[SourceVersionDate "2021.10.06"]
[SourceQuality "1"]

1. Nf3 Nf6 2. g3 d5 3. Bg2 Bg4 4. O-O Nc6 5. d3 e5 6. Nbd2 Qd7 7. e4 Be7 8. exd5 Nxd5 9. b3 Nc3 10. Qe1 f6 11. a3 Bh3 12. Bb2 Nd5 13. Qe2 Bxg2 14. Kxg2 h5 15. Rfe1 h4 16. Ng1 hxg3 17. hxg3 O-O-O 18. Nc4 Qf5 19. Qf3 Qh7 20. Qg4+ f5 21. Qf3 f4 22. Qg4+ Kb8 23. Nxe5 fxg3 24. Qxg3 Nxe5 25. Bxe5 Bh4 26. Qg4 Rdf8 27. Re2 Rf5 28. Kf1 Ne3+ 0-1

[Event "Scarborough CC ch Reserves"]
[Site "Toronto CAN"]
[Date "2012.04.26"]
[Round "6"]
[White "Song, Eric"]
[Black "Triefeldt, Jack"]
[Result "1-0"]
[WhiteElo "1625"]
[BlackElo "1806"]
[PlyCount "79"]
[GameId "2160767909510173"]
[EventDate "2012.03.22"]
[EventType "swiss"]
[EventRounds "9"]
[EventCountry "CAN"]
[SourceTitle "EXT 2022"]
[Source "ChessBase"]
[SourceDate "2021.10.06"]
[SourceVersion "1"]
[SourceVersionDate "2021.10.06"]
[SourceQuality "1"]

1. e4 e6 2. d4 d5 3. Nc3 Bb4 4. e5 c5 5. a3 Ba5 6. Nf3 Qc7 7. Be3 cxd4 8. Bxd4 a6 9. Qd2 Ne7 10. b4 Bb6 11. Bxb6 Qxb6 12. Bd3 h6 13. O-O Nd7 14. Rfe1 Qc7 15. Rac1 b5 16. a4 bxa4 17. Nxa4 O-O 18. c4 Qb7 19. c5 Nc6 20. Rb1 Qc7 21. Qc3 Bb7 22. Bc2 Rab8 23. Nb2 Ba8 24. Nd3 Rfc8 25. Nd4 Ndxe5 26. Nxe5 Nxe5 27. Nxe6 fxe6 28. Rxe5 Qf7 29. Rbe1 Rf8 30. Qg3 Rxb4 31. Bg6 Qf4 32. Qxf4 Rfxf4 33. Rxe6 Rf8 34. Rxa6 Rc4 35. Rea1 Bb7 36. Rb6 Bc8 37. Rc6 Bf5 38. Bh5 d4 39. Bf3 Bc2 40. Bd5+ 1-0

[Event "Scarborough CC ch Reserves"]
[Site "Toronto CAN"]
[Date "2012.04.26"]
[Round "6"]
[White "Thornton, Bill"]
[Black "Fan, Yibing"]
[Result "0-1"]
[WhiteElo "1500"]
[BlackElo "1745"]
[PlyCount "86"]
[GameId "2160767909510174"]
[EventDate "2012.03.22"]
[EventType "swiss"]
[EventRounds "9"]
[EventCountry "CAN"]
[SourceTitle "EXT 2022"]
[Source "ChessBase"]
[SourceDate "2021.10.06"]
[SourceVersion "1"]
[SourceVersionDate "2021.10.06"]
[SourceQuality "1"]

1. d4 Nf6 2. c4 e6 3. Nc3 Bb4 4. Bf4 O-O 5. Nf3 b6 6. e3 Ne4 7. Qb3 Nc6 8. d5 Bxc3+ 9. bxc3 Na5 10. Qc2 f5 11. Bd3 Nc5 12. O-O Ba6 13. d6 Nxd3 14. Qxd3 Bxc4 15. Qc2 c5 16. Rfd1 Nc6 17. Ne5 Nxe5 18. Bxe5 Qg5 19. f4 Qg4 20. Rd2 Bb5 21. c4 Bc6 22. Rf1 h5 23. Rdf2 Be4 24. Qd2 Kf7 25. Rf3 Bxf3 26. Rxf3 h4 27. h3 Qh5 28. Qd3 g5 29. fxg5 Qxg5 30. Bf4 Qg6 31. Be5 Rg8 32. Qf1 Raf8 33. Rf4 Qh5 34. Qf2 Rg3 35. Rg4 Rxg4 36. hxg4 Qxg4 37. Qf4 Rg8 38. Qf2 Qxc4 39. Qf3 Rg4 40. Kh2 Qe4 41. Bf4 Qxf3 42. gxf3 Rxf4 43. exf4 c4 0-1

[Event "Scarborough CC ch Reserves"]
[Site "Toronto CAN"]
[Date "2012.04.26"]
[Round "6"]
[White "Verde, Pino"]
[Black "Egorov, Mikhail"]
[Result "0-1"]
[WhiteElo "1568"]
[BlackElo "2081"]
[PlyCount "96"]
[GameId "2160767909510175"]
[EventDate "2012.03.22"]
[EventType "swiss"]
[EventRounds "9"]
[EventCountry "CAN"]
[SourceTitle "EXT 2022"]
[Source "ChessBase"]
[SourceDate "2021.10.06"]
[SourceVersion "1"]
[SourceVersionDate "2021.10.06"]
[SourceQuality "1"]

1. d4 Nf6 2. Bf4 c5 3. c3 b6 4. Nf3 g6 5. e3 Bg7 6. Be2 O-O 7. Nbd2 Bb7 8. O-O d6 9. Re1 h6 10. e4 Nxe4 11. Nxe4 Bxe4 12. Nd2 Bb7 13. Bf3 Nc6 14. Qa4 Qc7 15. dxc5 bxc5 16. Nb3 Ne5 17. Bxb7 Qxb7 18. Rad1 Rac8 19. Bxe5 Bxe5 20. f4 Bf6 21. Re2 Kg7 22. Qc4 Rfd8 23. Red2 a6 24. a4 Rb8 25. Nc1 Qb6 26. g3 e6 27. Nd3 Rbc8 28. Nf2 d5 29. Qe2 c4 30. Kg2 Qc6 31. Ng4 d4+ 32. Kg1 d3 33. Qe1 Qc5+ 34. Kg2 Qd5+ 35. Kg1 Be7 36. Qe5+ Qxe5 37. Nxe5 f6 38. Nf3 Bc5+ 39. Kf1 e5 40. fxe5 fxe5 41. Nxe5 Rf8+ 42. Kg2 Be3 43. Nf3 Bxd2 44. Rxd2 Rce8 45. Nd4 Re1 46. b4 cxb3 47. Nxb3 Re2+ 48. Kg1 Rb8 0-1

[Event "Scarborough CC ch Reserves"]
[Site "Toronto CAN"]
[Date "2012.04.26"]
[Round "6"]
[White "Yie, Kevin Yi Xiao"]
[Black "Aghamalian, Leonid"]
[Result "1-0"]
[WhiteElo "1678"]
[BlackElo "1415"]
[PlyCount "55"]
[GameId "2160767909510176"]
[EventDate "2012.03.22"]
[EventType "swiss"]
[EventRounds "9"]
[EventCountry "CAN"]
[SourceTitle "EXT 2022"]
[Source "ChessBase"]
[SourceDate "2021.10.06"]
[SourceVersion "1"]
[SourceVersionDate "2021.10.06"]
[SourceQuality "1"]

1. d4 Nf6 2. Nf3 d5 3. Bf4 e6 4. e3 Bd6 5. Bg5 Nbd7 6. Be2 O-O 7. Nbd2 h6 8. Bh4 c5 9. c3 Qb6 10. Qb3 Qxb3 11. axb3 cxd4 12. exd4 a6 13. O-O Re8 14. Rfe1 b5 15. Bxb5 g5 16. Bg3 Bxg3 17. hxg3 Bb7 18. Bd3 Kg7 19. b4 g4 20. Ne5 Nxe5 21. dxe5 Nd7 22. Nb3 Nb6 23. Nc5 Bc8 24. Nxa6 Bxa6 25. Bxa6 Ra7 26. Bb5 Raa8 27. Rxa8 Nxa8 28. Bc6 1-0

[Event "Scarborough CC ch Reserves"]
[Site "Toronto CAN"]
[Date "2012.05.03"]
[Round "7"]
[White "Aghamalian, Leonid"]
[Black "Zhang, John"]
[Result "0-1"]
[WhiteElo "1415"]
[BlackElo "1751"]
[PlyCount "73"]
[GameId "2160767909510177"]
[EventDate "2012.03.22"]
[EventType "swiss"]
[EventRounds "9"]
[EventCountry "CAN"]
[SourceTitle "EXT 2022"]
[Source "ChessBase"]
[SourceDate "2021.10.06"]
[SourceVersion "1"]
[SourceVersionDate "2021.10.06"]
[SourceQuality "1"]

1. e4 e5 2. Nf3 Nc6 3. Bc4 Nf6 4. Nc3 Bc5 5. O-O O-O 6. a3 d6 7. d3 Bg4 8. Be3 Nd7 9. b4 Bb6 10. Nd5 Nf6 11. Nxb6 axb6 12. c3 Qd7 13. Bg5 d5 14. exd5 Nxd5 15. Bd2 Rae8 16. Re1 Nf6 17. Re3 e4 18. dxe4 Bxf3 19. gxf3 Ne5 20. Bf1 Rd8 21. Ra2 Nh5 22. c4 Nf4 23. Rc3 Qe6 24. Qe1 Nfd3 25. Qe3 Nxc4 26. Qe2 Nce5 27. f4 Qxa2 28. fxe5 Nxe5 29. Bf4 Qxe2 30. Bxe2 Ng6 31. Bg3 Rd2 32. Bf1 c6 33. b5 Rd6 34. Bh3 Rdd8 35. bxc6 bxc6 36. Rxc6 Rd1+ 37. Kg2 0-1

[Event "Scarborough CC ch Reserves"]
[Site "Toronto CAN"]
[Date "2012.05.03"]
[Round "7"]
[White "Bellomo, Joe"]
[Black "Aghamalian, Derick"]
[Result "1-0"]
[WhiteElo "1533"]
[BlackElo "1614"]
[PlyCount "82"]
[GameId "2160767909510178"]
[EventDate "2012.03.22"]
[EventType "swiss"]
[EventRounds "9"]
[EventCountry "CAN"]
[SourceTitle "EXT 2022"]
[Source "ChessBase"]
[SourceDate "2021.10.06"]
[SourceVersion "1"]
[SourceVersionDate "2021.10.06"]
[SourceQuality "1"]

1. e4 c5 2. Nf3 d6 3. d3 Nf6 4. g3 Bg4 5. Bg2 Nc6 6. c3 g6 7. O-O Bg7 8. Nbd2 h5 9. h3 Bd7 10. Re1 Qc8 11. h4 Bg4 12. Qc2 O-O 13. e5 dxe5 14. Nxe5 Nxe5 15. Rxe5 Qc7 16. Re1 Rfd8 17. Ne4 Nxe4 18. Bxe4 Rac8 19. Bf4 e5 20. Bg5 Rd6 21. a4 Qd7 22. c4 Be6 23. Rad1 f6 24. Be3 Bf7 25. Bg2 b6 26. b3 Rd8 27. Bf1 e4 28. Bf4 Rd4 29. Re3 Qg4 30. Be2 Qd7 31. Rxe4 Be8 32. Rxd4 Qxd4 33. Bf3 Bd7 34. Bd5+ Kh7 35. Re1 Bf5 36. Be4 Bc8 37. Be3 Qd7 38. Qe2 f5 39. Bd5 Bf6 40. Bg5 Kg7 41. Bxf6+ Kxf6 1-0

[Event "Scarborough CC ch Reserves"]
[Site "Toronto CAN"]
[Date "2012.05.03"]
[Round "7"]
[White "Crnilovic, Grisha"]
[Black "Graham, John"]
[Result "0-1"]
[WhiteElo "1558"]
[BlackElo "1450"]
[PlyCount "77"]
[GameId "2160767909510179"]
[EventDate "2012.03.22"]
[EventType "swiss"]
[EventRounds "9"]
[EventCountry "CAN"]
[SourceTitle "EXT 2022"]
[Source "ChessBase"]
[SourceDate "2021.10.06"]
[SourceVersion "1"]
[SourceVersionDate "2021.10.06"]
[SourceQuality "1"]

1. e4 e5 2. f4 Nc6 3. Nf3 d6 4. Bc4 h6 5. O-O Nf6 6. d3 Bg4 7. f5 Qd7 8. c3 O-O-O 9. h3 Bxf3 10. Rxf3 d5 11. exd5 Nxd5 12. Nd2 Bc5+ 13. Kh1 Ne3 14. Qe2 Nxc4 15. Nxc4 f6 16. Be3 Bxe3 17. Qxe3 Rhe8 18. Qe4 Qd5 19. Qxd5 Rxd5 20. Rd1 Red8 21. Re3 Ne7 22. g4 c5 23. b3 Nc6 24. Kg2 Kc7 25. Kf2 b5 26. Nb2 b4 27. cxb4 Nxb4 28. a3 Nc2 29. Re2 Nd4 30. Red2 Nxb3 31. Rc2 Kd7 32. Ke3 Ke7 33. Nc4 Rd4 34. Rb1 Rxd3+ 35. Kf2 Rxh3 36. Rcb2 Rh2+ 37. Ke3 Rxb2 38. Rxb2 Nd4 39. Na5 0-1

[Event "Scarborough CC ch Reserves"]
[Site "Toronto CAN"]
[Date "2012.05.03"]
[Round "7"]
[White "Dattani, Dinesh"]
[Black "Mahendran, Sujeev"]
[Result "0-1"]
[WhiteElo "1359"]
[BlackElo "1609"]
[PlyCount "62"]
[GameId "2160767909510180"]
[EventDate "2012.03.22"]
[EventType "swiss"]
[EventRounds "9"]
[EventCountry "CAN"]
[SourceTitle "EXT 2022"]
[Source "ChessBase"]
[SourceDate "2021.10.06"]
[SourceVersion "1"]
[SourceVersionDate "2021.10.06"]
[SourceQuality "1"]

1. d4 Nf6 2. g3 e6 3. Bg2 d5 4. Nf3 c5 5. O-O Nc6 6. c3 Be7 7. Be3 cxd4 8. cxd4 Bd7 9. Nc3 O-O 10. Ne5 Nxe5 11. dxe5 Ng4 12. Bf4 Bg5 13. Qd2 Bxf4 14. Qxf4 Nh6 15. Nd1 Bb5 16. Re1 Qb6 17. Nc3 Ba6 18. Qd2 Rfd8 19. Na4 Qc7 20. Qf4 Qc2 21. b3 Rac8 22. e4 d4 23. Rec1 Qe2 24. Bf1 Rxc1 25. Rxc1 Qxa2 26. Bxa6 bxa6 27. Qg5 Rf8 28. Rc7 Qb1+ 29. Kg2 Qxe4+ 30. Kf1 d3 31. Nc5 Qh1# 0-1

[Event "Scarborough CC ch Reserves"]
[Site "Toronto CAN"]
[Date "2012.05.03"]
[Round "7"]
[White "Egorov, Mikhail"]
[Black "Yie, Kevin Yi Xiao"]
[Result "1/2-1/2"]
[WhiteElo "2081"]
[BlackElo "1678"]
[PlyCount "45"]
[GameId "2160767909510181"]
[EventDate "2012.03.22"]
[EventType "swiss"]
[EventRounds "9"]
[EventCountry "CAN"]
[SourceTitle "EXT 2022"]
[Source "ChessBase"]
[SourceDate "2021.10.06"]
[SourceVersion "1"]
[SourceVersionDate "2021.10.06"]
[SourceQuality "1"]

1. e4 e5 2. Nf3 Nc6 3. d4 exd4 4. Nxd4 Bc5 5. Be3 Bb6 6. Nc3 Nge7 7. Bc4 h6 8. O-O d6 9. Nd5 O-O 10. Nxb6 axb6 11. Qh5 Ne5 12. Be2 N7c6 13. f4 Nd7 14. Nxc6 bxc6 15. Bd4 c5 16. Bc3 Bb7 17. e5 dxe5 18. fxe5 Qg5 19. Qxg5 hxg5 20. Bg4 Nb8 21. e6 f6 22. Bh5 Bd5 23. e7 1/2-1/2

[Event "Scarborough CC ch Reserves"]
[Site "Toronto CAN"]
[Date "2012.05.03"]
[Round "7"]
[White "Gillis, Doug"]
[Black "Kurkowski, Ken"]
[Result "0-1"]
[WhiteElo "1649"]
[BlackElo "1556"]
[PlyCount "102"]
[GameId "2160767909510182"]
[EventDate "2012.03.22"]
[EventType "swiss"]
[EventRounds "9"]
[EventCountry "CAN"]
[SourceTitle "EXT 2022"]
[Source "ChessBase"]
[SourceDate "2021.10.06"]
[SourceVersion "1"]
[SourceVersionDate "2021.10.06"]
[SourceQuality "1"]

1. d4 Nf6 2. Nc3 d5 3. Bg5 h6 4. Bxf6 exf6 5. e3 Be7 6. Qf3 Be6 7. Bd3 c6 8. Nge2 Nd7 9. Ng3 Qc7 10. Nf5 Bxf5 11. Qxf5 g6 12. Qf3 f5 13. g4 fxg4 14. Qxg4 O-O-O 15. a3 Rhg8 16. Qe2 f5 17. f3 f4 18. e4 Bh4+ 19. Kd2 Qb6 20. Nd1 Qxd4 21. c3 Qe5 22. Kc2 Nc5 23. exd5 Rxd5 24. Qxe5 Rxe5 25. c4 Nxd3 26. Kxd3 Rd8+ 27. Kc3 Bf6 28. Kb3 Rd3+ 29. Nc3 Ree3 30. Rhg1 Bxc3 31. bxc3 Rxc3+ 32. Kb4 Rxf3 33. Rxg6 a5+ 34. Kxa5 Rxa3+ 35. Rxa3 Rxa3+ 36. Kb4 Rh3 37. Rf6 Rxh2 38. Rxf4 h5 39. Kc5 h4 40. Kd6 Rd2+ 41. Kc5 h3 42. Kb6 h2 43. Rh4 Rb2+ 44. Kc5 Kd7 45. Rh7+ Ke6 46. Rh3 Kf5 47. Kd4 Kf4 48. c5 Kg4 49. Rh7 Kg3 50. Kc3 Rb1 51. Kc2 h1=Q 0-1

[Event "Scarborough CC ch Reserves"]
[Site "Toronto CAN"]
[Date "2012.05.03"]
[Round "7"]
[White "Huston, Scott"]
[Black "Maister, Martin"]
[Result "1-0"]
[WhiteElo "1756"]
[BlackElo "1729"]
[PlyCount "25"]
[GameId "2160767909510183"]
[EventDate "2012.03.22"]
[EventType "swiss"]
[EventRounds "9"]
[EventCountry "CAN"]
[SourceTitle "EXT 2022"]
[Source "ChessBase"]
[SourceDate "2021.10.06"]
[SourceVersion "1"]
[SourceVersionDate "2021.10.06"]
[SourceQuality "1"]

1. d4 c5 2. dxc5 e6 3. Nc3 Bxc5 4. Nf3 d5 5. Bg5 Qb6 6. e3 Qxb2 7. Ne2 Bb4+ 8. Nd2 Nc6 9. Nd4 Bxd2+ 10. Kxd2 Nxd4 11. exd4 Qxd4+ 12. Ke1 Bd7 13. Qxd4 1-0

[Event "Scarborough CC ch Reserves"]
[Site "Toronto CAN"]
[Date "2012.05.03"]
[Round "7"]
[White "Liang, Phillip"]
[Black "Vyravanathan, Sobiga"]
[Result "1-0"]
[WhiteElo "1584"]
[BlackElo "1535"]
[PlyCount "79"]
[GameId "2160767909510184"]
[EventDate "2012.03.22"]
[EventType "swiss"]
[EventRounds "9"]
[EventCountry "CAN"]
[SourceTitle "EXT 2022"]
[Source "ChessBase"]
[SourceDate "2021.10.06"]
[SourceVersion "1"]
[SourceVersionDate "2021.10.06"]
[SourceQuality "1"]

1. Nf3 d5 2. c4 d4 3. e4 dxe3 4. fxe3 Nf6 5. Nc3 Nc6 6. d4 e6 7. Bd3 Nb4 8. Bb1 Be7 9. O-O O-O 10. a3 Na6 11. e4 c5 12. d5 exd5 13. cxd5 Re8 14. e5 Nd7 15. d6 Bf8 16. Qd3 g6 17. Bf4 Qb6 18. Rf2 Bg7 19. Nd5 Qd8 20. Ba2 Bxe5 21. Nxe5 Nxe5 22. Bxe5 Rxe5 23. Ne7+ Rxe7 24. dxe7 Qxd3 25. e8=Q+ Kg7 26. Qxf7+ Kh6 27. Bc4 Qd7 28. Qf8+ Qg7 29. Qf4+ g5 30. Qd6+ Kh5 31. Re1 Bg4 32. Bf7+ Qxf7 33. Rxf7 Rh8 34. h3 Bc8 35. Kh2 c4 36. g4+ Bxg4 37. hxg4+ Kxg4 38. Re6 Nb8 39. Qg3+ Kh5 40. Qh3# 1-0

[Event "Scarborough CC ch Reserves"]
[Site "Toronto CAN"]
[Date "2012.05.03"]
[Round "7"]
[White "Lin, Benjamin1"]
[Black "Pishdad, Hassan"]
[Result "1-0"]
[WhiteElo "1345"]
[BlackElo "1394"]
[PlyCount "81"]
[GameId "2160767909510185"]
[EventDate "2012.03.22"]
[EventType "swiss"]
[EventRounds "9"]
[EventCountry "CAN"]
[SourceTitle "EXT 2022"]
[Source "ChessBase"]
[SourceDate "2021.10.06"]
[SourceVersion "1"]
[SourceVersionDate "2021.10.06"]
[SourceQuality "1"]

1. c4 c5 2. Nf3 Nf6 3. g3 e6 4. Bg2 Nc6 5. O-O d5 6. cxd5 exd5 7. d4 Be7 8. Bf4 O-O 9. e3 Be6 10. Nc3 a6 11. a4 h6 12. h3 g5 13. Be5 Qd7 14. g4 Nh7 15. Bg3 Bd6 16. Bxd6 Qxd6 17. Nh2 cxd4 18. exd4 Nf6 19. Qd2 Qb4 20. Rad1 Rac8 21. f4 Ne4 22. Nxe4 Qxd2 23. Nxd2 Nxd4 24. f5 Ne2+ 25. Kf2 Nd4 26. fxe6 fxe6+ 27. Ke3 Nc2+ 28. Ke2 Nd4+ 29. Kd3 Nc2 30. Rxf8+ Kxf8 31. Nb3 Nb4+ 32. Ke2 Rc2+ 33. Rd2 Rc4 34. Nd4 Kf7 35. Nhf3 Kf6 36. Kf2 e5 37. Nf5 e4 38. Ne1 h5 39. Ne3 d4 40. Nxc4 e3+ 41. Nxe3 1-0

[Event "Scarborough CC ch Reserves"]
[Site "Toronto CAN"]
[Date "2012.05.03"]
[Round "7"]
[White "Marcelino, Daryl"]
[Black "Karpik, Steve"]
[Result "0-1"]
[WhiteElo "991"]
[BlackElo "1447"]
[PlyCount "94"]
[GameId "2160767909510186"]
[EventDate "2012.03.22"]
[EventType "swiss"]
[EventRounds "9"]
[EventCountry "CAN"]
[SourceTitle "EXT 2022"]
[Source "ChessBase"]
[SourceDate "2021.10.06"]
[SourceVersion "1"]
[SourceVersionDate "2021.10.06"]
[SourceQuality "1"]

1. e4 d6 2. d4 Nf6 3. Nc3 g6 4. Bd3 Bg7 5. Nge2 O-O 6. O-O a6 7. Ng3 Nc6 8. d5 Ne5 9. h3 c5 10. b3 b5 11. f4 Nxd3 12. cxd3 b4 13. Nce2 Nxd5 14. Rb1 Nc3 15. Nxc3 Bxc3 16. Bb2 Bxb2 17. Rxb2 Qb6 18. Kh1 Bb7 19. Qg4 Bc8 20. f5 e5 21. Qg5 f6 22. Qh6 g5 23. Nh5 Rf7 24. Nxf6+ Kh8 25. Qxg5 Qd8 26. Qg4 Qxf6 27. Rbf2 Rg7 28. Qh5 Bd7 29. Qf3 Rag8 30. Rg1 Qh4 31. Kh2 Rg3 32. Qe2 Be8 33. Qd2 Rxd3 34. Qxd3 Qxf2 35. Qxd6 Qg3+ 36. Kh1 Bb5 37. Qf6+ Qg7 38. Qxg7+ Rxg7 39. g4 Bd3 40. Re1 Rd7 41. Kh2 Rd4 42. f6 Rxe4 43. f7 Kg7 44. f8=Q+ Kxf8 45. Rxe4 Bxe4 46. Kg3 Bb1 47. Kf2 Bxa2 0-1

[Event "Scarborough CC ch Reserves"]
[Site "Toronto CAN"]
[Date "2012.05.03"]
[Round "7"]
[White "Moran-Venegas, Mario"]
[Black "Liu, Jiaxin (Dora)"]
[Result "1-0"]
[WhiteElo "1807"]
[BlackElo "1544"]
[PlyCount "139"]
[GameId "2160767909510187"]
[EventDate "2012.03.22"]
[EventType "swiss"]
[EventRounds "9"]
[EventCountry "CAN"]

1. e4 c5 2. Nf3 Nc6 3. d4 cxd4 4. Nxd4 e5 5. Nb3 Nf6 6. Nc3 Bb4 7. f3 d5 8. Bd2 d4 9. Ne2 Bxd2+ 10. Qxd2 Be6 11. Nc5 Qb6 12. Nxe6 fxe6 13. Rb1 O-O 14. Nc1 Na5 15. Bd3 Rac8 16. b3 Nd7 17. O-O Nc6 18. Kh1 Nb4 19. Bc4 Na6 20. Nd3 Nac5 21. c3 Nxd3 22. Qxd3 Nc5 23. Qd2 Rfd8 24. cxd4 exd4 25. Rbc1 Kh8 26. e5 a6 27. Rfe1 Rc6 28. Rcd1 Qc7 29. Qf4 Qd7 30. Rd2 b5 31. Bf1 Rcc8 32. Red1 d3 33. b4 Rf8 34. Qe3 Na4 35. Rxd3 Qc7 36. Rd7 Qc3 37. Qxc3 Nxc3 38. R1d2 Nd5 39. a3 Rc3 40. Ra2 Rc1 41. Kg1 Ne3 42. Rf2 Nd5 43. Rd6 h6 44. Rxa6 Re8 45. Re2 Nc3 46. Rd2 Nd5 47. Kf2 Nc7 48. Rb6 Ra8 49. Bxb5 Nxb5 50. Rxb5 Rxa3 51. Rd7 Rb3 52. Rbb7 Ra1 53. Re7 Ra2+ 54. Kg3 Rbb2 55. Rxe6 Rxg2+ 56. Kf4 Rxh2 57. Re8+ Kh7 58. Rbb8 Raf2 59. Rf8 Rhg2 60. e6 g5+ 61. Ke5 Re2+ 62. Kd6 Rd2+ 63. Ke7 Kg6 64. Rf6+ Kg7 65. Rbf8 h5 66. R8f7+ Kg8 67. Rg6+ Kh8 68. Rh6+ Kg8 69. Rff6 Kg7 70. Rfg6# 1-0

[Event "Scarborough CC ch Reserves"]
[Site "Toronto CAN"]
[Date "2012.05.03"]
[Round "7"]
[White "Tismenko, Dennis"]
[Black "Ugodnikov, Arkadiy"]
[Result "1-0"]
[WhiteElo "1419"]
[BlackElo "1830"]
[PlyCount "85"]
[GameId "2160767909510188"]
[EventDate "2012.03.22"]
[EventType "swiss"]
[EventRounds "9"]
[EventCountry "CAN"]
[SourceTitle "EXT 2022"]
[Source "ChessBase"]
[SourceDate "2021.10.06"]
[SourceVersion "1"]
[SourceVersionDate "2021.10.06"]
[SourceQuality "1"]

1. e4 e5 2. Nf3 Nc6 3. d4 exd4 4. Bc4 Nf6 5. e5 d5 6. Bb5 Ne4 7. Nxd4 Bd7 8. Nxc6 bxc6 9. Bd3 Nc5 10. Be2 Be7 11. O-O O-O 12. Be3 Be6 13. f4 Qd7 14. Nd2 Na4 15. Nb3 c5 16. Qd2 d4 17. Bf2 Nxb2 18. c3 Nc4 19. Qc2 Bf5 20. Qc1 Nb6 21. cxd4 cxd4 22. Nxd4 Be4 23. Bb5 Qg4 24. Bg3 c5 25. Nb3 Rac8 26. Ba6 Rc7 27. Qe3 Ba8 28. Be2 Qf5 29. Rac1 Qc8 30. Bf2 c4 31. Nd4 Nd5 32. Qg3 Ba3 33. Qxa3 Nxf4 34. Bf3 Nd3 35. Rc2 Nxe5 36. Bxa8 Qxa8 37. Bg3 Re8 38. Bxe5 Rxe5 39. Qg3 Rcc5 40. Rcf2 Rg5 41. Qh3 Rc7 42. Ne6 Rxg2+ 43. Qxg2 1-0